|
|
|
|
| LEADER |
00000nab a2200000uu 4500 |
| 001 |
vtls011440902 |
| 003 |
SK-MaSNL |
| 005 |
20260303123324.0 |
| 008 |
230213|1976 xo |||||||||||||||||slo| |
| 015 |
|
|
|a SNBRB
|
| 035 |
|
|
|a (urnnbn)urn:nbn:sk:snk:ar-002zlu
|
| 035 |
|
|
|a (uuid)954ab437-cfbf-4159-9abc-a275d825a7b3
|
| 035 |
|
|
|a urn:nbn:sk:snk-abcf9p
|
| 040 |
|
|
|a SNKBUCL
|b slo
|c SNKBUCL
|e AACR2
|
| 041 |
0 |
|
|a slo
|
| 044 |
|
|
|a xo
|c SK
|
| 100 |
1 |
|
|a Šomšák, Ladislav,
|d 1932-2005
|4 aut
|9 125323
|
| 245 |
1 |
0 |
|a FYTOCENÓZY BOROVICOVÝCH KULTÚR A RÚBANÍSK VIATYCH PIESKOV NA ZÁHORSKEJ NÍŽINE
|c Ladislav Šomšák
|
| 773 |
0 |
|
|t Biológia : časopis Slovenskej akadémie vied
|g Roč. 31, č. 4 (1976), s. 241-251
|
| 954 |
|
|
|a odborná, vedecká literatúra pôvodná (slovenská)
|2 lita
|
| 958 |
|
|
|a OND
|
| 958 |
|
|
|a EUIPO
|
| 958 |
|
|
|a article16
|
| 999 |
|
|
|c 1925204
|d 1927134
|